[Event "K41 Aabent Mesterskab 2008-09"]
[Site "Valby"]
[Date "2009.03.03"]
[Round "9"]
[White "Gjedde, Thomas"]
[Black "Rasmussen, Morten(1956)"]
[Result "1-0"]
[WhiteElo "1966"]
[BlackElo "1724"]
[PlyCount "91"]
[EventDate "2008.??.??"]

1. d4 d5 2. c4 Nc6 3. Nc3 dxc4 4. d5 Ne5 5. Bf4 Ng6 6. Bg3 e5 7. e4 Nf6 8. Bxc4
Bd6 9. Nf3 a6 10. O-O O-O 11. Nd2 Qe7 12. Re1 Nf4 13. Bxf4 exf4 14. e5 Bxe5 15.
Nf3 Nd7 16. Qe2 Re8 17. d6 cxd6 18. Nd5 Qd8 19. Rac1 b5 20. Bd3 Ra7 21. Qc2 g6
22. Nxe5 dxe5 23. Qxc8 Qxc8 24. Rxc8 Rxc8 25. Ne7+ Kf8 26. Nxc8 Rc7 27. Nd6 f5
28. Nxb5 axb5 29. Bxb5 Ke7 30. a4 e4 31. h4 Ne5 32. Rd1 Rb7 33. b3 h6 34. Kf1
g5 35. hxg5 hxg5 36. Ke2 f3+ 37. gxf3 Nxf3 38. Bc4 Kf6 39. Rd5 Rh7 40. a5 Rh1
41. Rd1 Rxd1 42. Kxd1 Nd4 43. b4 Ke5 44. a6 Nc6 45. b5 Na7 46. b6 1-0

[Event "K41 Aabent Mesterskab 2008-09"]
[Site "Valby"]
[Date "2009.03.03"]
[Round "9"]
[White "Jorgensen, Kasper Moller"]
[Black "Abildgaard, Kenneth"]
[Result "0-1"]
[WhiteElo "1932"]
[BlackElo "1796"]
[PlyCount "104"]
[EventDate "2008.??.??"]

1. e4 e5 2. Nf3 Nf6 3. Nxe5 d6 4. Nf3 Nxe4 5. Nc3 Nxc3 6. dxc3 Be7 7. Be3 Nc6
8. Qd2 Ne5 9. Nd4 Bd7 10. O-O-O Nc6 11. Re1 O-O 12. h4 Bxh4 13. Bd3 f5 14. g4
Ne5 15. g5 c5 16. Nb3 Bc6 17. Rxh4 Nf3 18. Qe2 Nxh4 19. Qh5 Ng6 20. f3 Qe8 21.
Qh3 Nf4 22. Bc4+ d5 23. Qf1 dxc4 24. Bxf4 Qf7 25. Nxc5 Rfe8 26. Rd1 Rad8 27.
Bd6 b6 28. Na6 Bd5 29. Bf4 Bb7 30. Nc7 Rxd1+ 31. Qxd1 Rc8 32. Nb5 Qd5 33. Qxd5+
Bxd5 34. Nd6 Rf8 35. Kd2 Bxf3 36. Ke3 Bd1 37. Kd2 Bh5 38. Ke3 Be8 39. Kd4 b5
40. Kc5 a6 41. Kb6 Bd7 42. a3 h6 43. gxh6 g6 44. Kc7 Be6 45. Kb6 Ra8 46. Kb7
Bd5+ 47. Kc7 Kh7 48. Kb6 Be4 49. Nb7 g5 50. Be5 Bxb7 51. Kxb7 Re8 52. Bd4 Re6
0-1

[Event "K41 Aabent Mesterskab 2008-09"]
[Site "Valby"]
[Date "2009.03.03"]
[Round "9"]
[White "Jorgensen, Rasmus"]
[Black "Christensen, Esben"]
[Result "1/2-1/2"]
[WhiteElo "2036"]
[BlackElo "1990"]
[PlyCount "32"]
[EventDate "2008.??.??"]

1. e4 c5 2. Nf3 e6 3. d4 cxd4 4. Nxd4 Nf6 5. Nc3 d6 6. Be3 a6 7. g4 b5 8. g5
Nfd7 9. a3 Bb7 10. f4 Qc7 11. Bg2 Nc6 12. Qd2 b4 13. axb4 Nxb4 14. O-O Be7 15.
f5 e5 16. Nb3 f6 1/2-1/2

[Event "K41 Aabent Mesterskab 2008-09"]
[Site "Valby"]
[Date "2009.03.03"]
[Round "9"]
[White "Nielsen, Frode Benedikt"]
[Black "Nielsen, Jimmy O"]
[Result "1/2-1/2"]
[WhiteElo "1973"]
[BlackElo "1767"]
[PlyCount "82"]
[EventDate "2008.??.??"]

1. e4 c5 2. Nf3 e6 3. d4 cxd4 4. Nxd4 Nc6 5. Nc3 Qc7 6. Be3 Nf6 7. Bd3 a6 8.
O-O b5 9. Nxc6 dxc6 10. f4 Bb7 11. f5 e5 12. g4 h5 13. h3 hxg4 14. hxg4 O-O-O
15. g5 Nh5 16. Qg4 Kb8 17. a4 Nf4 18. axb5 cxb5 19. Ba7+ Kc8 20. f6+ Rd7 21.
fxg7 Bc5+ 22. Rf2 Bxf2+ 23. Bxf2 Rg8 24. Nd5 Nxd5 25. exd5 Kb8 26. c4 Rxg7 27.
cxb5 axb5 28. Ba7+ Kc8 29. Be3 Kd8 30. Rc1 Qd6 31. Qh4 Qxd5 32. Qh8+ Ke7 33.
Bc5+ Rd6 34. Bxd6+ Kxd6 35. Qf8+ Ke6 36. Qe8+ Kd6 37. Qb8+ Ke6 38. Qe8+ Kd6 39.
Qf8+ Ke6 40. Qe8+ Kd6 41. Qd8+ Ke6 1/2-1/2

[Event "K41 Aabent Mesterskab 2008-09"]
[Site "Valby"]
[Date "2009.03.03"]
[Round "9"]
[White "Nielsen, Jais Norgaard"]
[Black "Karup, Jesper"]
[Result "0-1"]
[WhiteElo "1625"]
[BlackElo "1638"]
[PlyCount "69"]
[EventDate "2008.??.??"]

1. e4 e6 2. d4 d5 3. Nc3 Nf6 4. e5 Nfd7 5. f4 c5 6. Nf3 Nc6 7. Be3 Qb6 8. Na4
Qa5+ 9. c3 c4 10. b4 Nxb4 11. cxb4 Bxb4+ 12. Kf2 b5 13. a3 Be7 14. Nc5 Nxc5 15.
dxc5 Bb7 16. Qb1 Bc6 17. Nd4 Qa6 18. Qb4 O-O 19. Be2 Qb7 20. Nxc6 Qxc6 21. a4
Rfb8 22. a5 a6 23. f5 Rd8 24. Rhd1 Rac8 25. Bg4 f6 26. exf6 Bxf6 27. fxe6 Bxa1
28. e7 Qf6+ 29. Bf3 Re8 30. Kg1 d4 31. Rf1 Qxe7 32. Bf4 Bc3 33. Qa3 Qxc5 34.
Qxc5 Rxc5 35. Bb7 0-1

[Event "K41 Aabent Mesterskab 2008-09"]
[Site "Valby"]
[Date "2009.03.03"]
[Round "9"]
[White "Nielsen, Jorgen Holmstrom"]
[Black "Eiholt, Bjarne"]
[Result "1-0"]
[WhiteElo "1591"]
[BlackElo "1578"]
[PlyCount "87"]
[EventDate "2008.??.??"]

1. Nc3 d5 2. e4 dxe4 3. Nxe4 Bf5 4. Ng3 Bg6 5. Nf3 Nd7 6. d4 e6 7. Bc4 Ngf6 8.
O-O Be7 9. Re1 O-O 10. Nh4 Re8 11. Nxg6 hxg6 12. Bb3 c6 13. a3 Qc7 14. c4 Rad8
15. Qf3 Qb6 16. Qc3 a6 17. Bf4 Rc8 18. Rad1 Qd8 19. Qf3 Nb6 20. h3 Qd7 21. Be3
Bd8 22. Bf4 Bc7 23. Be5 Qe7 24. Qe3 Na8 25. Qc3 Bxe5 26. dxe5 Nd7 27. Ne4 Red8
28. Nd6 Rc7 29. c5 b6 30. cxb6 Naxb6 31. Rd4 c5 32. Rf4 Rf8 33. Rd1 Qg5 34.
Rxf7 Rxf7 35. Bxe6 Nxe5 36. Bxf7+ Nxf7 37. Ne8 Qe5 38. Nxc7 Qxc7 39. Qd3 c4 40.
Qxg6 Ne5 41. Qe6+ Kh8 42. Rd6 Ned7 43. Rd4 Nc5 44. Rh4# 1-0

[Event "K41 Aabent Mesterskab 2008-09"]
[Site "Valby"]
[Date "2009.03.03"]
[Round "9"]
[White "Nielsen, Lars Emil Woetmann"]
[Black "Mollmann, Erik"]
[Result "1-0"]
[WhiteElo "1241"]
[BlackElo "1482"]
[PlyCount "97"]
[EventDate "2008.??.??"]

1. e4 Nc6 2. Nf3 d6 3. d4 Bg4 4. Bb5 a6 5. Ba4 b5 6. Bb3 e6 7. c3 Nf6 8. Qd3 d5
9. e5 Bf5 10. Qe2 Ne4 11. Nbd2 Be7 12. Nxe4 Bxe4 13. Bc2 Bg6 14. Bf4 Bh5 15. h3
g5 16. Bd2 Bg6 17. O-O-O b4 18. Ba4 O-O 19. Bxc6 bxc3 20. Bxc3 Rb8 21. a3 Rb6
22. Ba4 Qb8 23. Bc2 Rb3 24. Bxg6 fxg6 25. Qc2 c5 26. Rhf1 cxd4 27. Nxd4 Rb6 28.
Rde1 Rc8 29. Re3 Bc5 30. Rd1 Qb7 31. Rd2 a5 32. Kd1 Qa6 33. Qd3 Qa8 34. Ke2 Rf8
35. Rf3 Qd8 36. Rxf8+ Kxf8 37. Qf3+ Kg8 38. Qf6 Qe8 39. Qxg5 Be7 40. Qg4 h5 41.
Qg3 Ra6 42. f4 Kh7 43. Qd3 Qc8 44. Rc2 Ra8 45. Bxa5 Qa6 46. Rc7 Qxd3+ 47. Kxd3
Rxa5 48. Rxe7+ Kh6 49. Nxe6 1-0

[Event "K41 Aabent Mesterskab 2008-09"]
[Site "Valby"]
[Date "2009.03.03"]
[Round "9"]
[White "Nielsen, Soren Skovso"]
[Black "Christiansen, Andreas Ryding Lund"]
[Result "1-0"]
[WhiteElo "1556"]
[BlackElo "1300"]
[PlyCount "57"]
[EventDate "2008.??.??"]

1. e4 e6 2. d4 d5 3. e5 c5 4. Nf3 Nc6 5. Bf4 Qb6 6. b3 cxd4 7. a3 Qa5+ 8. Bd2
Bb4 9. Bd3 Bc3 10. O-O Bxd2 11. Nbxd2 Nge7 12. b4 Qc7 13. Re1 a6 14. Nb3 Qb6
15. Qd2 O-O 16. Nbxd4 Nf5 17. Nxf5 exf5 18. Qf4 Ne7 19. Rad1 Ng6 20. Qc1 Be6
21. c3 Rac8 22. Qd2 a5 23. Nd4 axb4 24. axb4 Qc7 25. Bxf5 Bxf5 26. Nxf5 Qxc3
27. Qxd5 Qxb4 28. e6 f6 29. e7+ 1-0

[Event "K41 Aabent Mesterskab 2008-09"]
[Site "Valby"]
[Date "2009.03.03"]
[Round "9"]
[White "Ringsborg, Allan"]
[Black "Jorgensen, Orla Eilegaard"]
[Result "1/2-1/2"]
[WhiteElo "1641"]
[BlackElo "1390"]
[PlyCount "54"]
[EventDate "2008.??.??"]

1. b4 d5 2. Bb2 Nf6 3. e3 Bf5 4. c4 c5 5. bxc5 Nc6 6. Qb3 Na5 7. Qa4+ Bd7 8.
Qc2 dxc4 9. Bxc4 Nxc4 10. Qxc4 e6 11. Ne2 Qa5 12. Ba3 Rc8 13. Bb4 Qa4 14. Qb3
Qc6 15. O-O Bxc5 16. Rc1 Qb5 17. Bxc5 Qxe2 18. Na3 Ne4 19. Bxa7 Qxf2+ 20. Kh1
Rxc1+ 21. Rxc1 Qxd2 22. Qc2 Qa5 23. Nc4 Qxa7 24. Qxe4 O-O 25. Ne5 Bc6 26. Nxc6
bxc6 27. a4 c5 1/2-1/2

[Event "K41 Aabent Mesterskab 2008-09"]
[Site "Valby"]
[Date "2009.03.03"]
[Round "9"]
[White "Truelsen, Ole Illum"]
[Black "Ottosen, Peder"]
[Result "0-1"]
[WhiteElo "1802"]
[BlackElo "2050"]
[PlyCount "60"]
[EventDate "2008.??.??"]

1. c4 c6 2. Nf3 d5 3. e3 Nf6 4. b3 Bg4 5. Bb2 Nbd7 6. Be2 Qc7 7. O-O e5 8. cxd5
Nxd5 9. d3 Bd6 10. h3 Bh5 11. Nbd2 O-O 12. Rc1 Rae8 13. Ne4 Be7 14. a3 f5 15.
Nc3 Nxc3 16. Rxc3 Bf6 17. Rc2 Qb6 18. b4 Bf7 19. Rd2 Bd5 20. Qc2 e4 21. dxe4
fxe4 22. Nd4 Ne5 23. Nf5 Qd8 24. Ng3 Bh4 25. Qc3 Qg5 26. Kh2 Rxf2 27. Rxf2
Qxg3+ 28. Kh1 Qxf2 29. Rxd5 cxd5 30. Bb5 Bg3 0-1

[Event "K41 Aabent Mesterskab 2008-09"]
[Site "Valby"]
[Date "2009.03.03"]
[Round "9"]
[White "Zmylon, Frederik Nielsen"]
[Black "Dyremose, Flemming"]
[Result "1-0"]
[WhiteElo "1516"]
[BlackElo "1459"]
[PlyCount "79"]
[EventDate "2008.??.??"]

1. e4 c5 2. Nf3 d6 3. d4 cxd4 4. Nxd4 Nf6 5. Nc3 a6 6. Bg5 e6 7. f4 Be7 8. Qf3
Nbd7 9. g4 Qb6 10. O-O-O Nc5 11. Be2 O-O 12. h4 h6 13. Bxf6 Bxf6 14. g5 Bxd4
15. Rxd4 e5 16. fxe5 Nb3+ 17. cxb3 Qxd4 18. gxh6 g6 19. exd6 Be6 20. Rd1 Qh8
21. Qf4 Rad8 22. Bc4 Rd7 23. Nd5 Bxd5 24. Bxd5 Kh7 25. e5 Qg8 26. h5 Re8 27.
Kb1 Qf8 28. hxg6+ fxg6 29. Qxf8 Rxf8 30. Bxb7 Rxb7 31. e6 Kxh6 32. d7 Rxd7 33.
exd7 Rd8 34. Rd6 Kh5 35. Kc1 Kg5 36. Kd2 Kf5 37. Ke3 g5 38. Kd4 g4 39. Kc5 Ke5
40. Kc6 1-0